00910nam a2200145Ia 4500008004100000050002200041100004100063245034500104260003100449300003700480700005100517700004600568710008600614710006400700120626s2016 mx 000 0 spa d aT RC564bG48 2016 aAguilar Reyes, Yesseniaesustentante aLos efectos del tratamiento para adicciones en una Institución especializada de la Ciudad de Méxicob: estudio de caso de dos jovenes consumidores de sustancias psicoactivas c/ tesis para obtener el título de Licenciado en Psicología, Yessenia Aguilar Reyes y Jacqueline Hernández Juárez; asesor Cesar Javier, Arámbula Ríos aMéxico b: s/ed.c, 2016 a139 páginas b: ilustraciones  aHernández Juárez, Jacquelineesustentante aArámbula Ríos, César Javiereasesor aUniversidad Nacional Autónoma de Méxicoeinstitución que otorga el título aUniversidad Insurgentesbplantel Xolaeentidad participante